[Event "31è Open International d'Avoine 2016"]
[Site "Avoine"]
[Date "2016.07.23"]
[Round "6.28"]
[White "Mauffrey, Hugues"]
[Black "Mirimanian, Hayk"]
[Result "0-1"]
[WhiteElo "1895"]
[BlackElo "2221"]
[PlyCount "64"]
[EventDate "2016.??.??"]

1. e4 e5 2. Nf3 Nc6 3. d4 exd4 4. Nxd4 Qh4 5. Nc3 Bb4 6. Be2 Nf6 7. O-O Nxe4 8.
Nf3 Nxc3 9. bxc3 Qf6 10. cxb4 Qxa1 11. b5 Ne7 12. Bc4 Qc3 13. Qe2 O-O 14. Bd2
Qa3 15. Bg5 Ng6 16. Re1 Qc5 17. Qd3 d6 18. Qb3 Bg4 19. Be3 Qh5 20. Ng5 Ne5 21.
Bd5 h6 22. f4 c6 23. Be4 hxg5 24. fxe5 Be6 25. Qc3 d5 26. Bd3 cxb5 27. Qd2 g4
28. Bg5 Rfc8 29. Qf4 Rc7 30. Re3 Rac8 31. c4 Rxc4 32. Rh3 Rxf4 0-1

[Event "31è Open International d'Avoine 2016"]
[Site "Avoine"]
[Date "2016.07.23"]
[Round "6.29"]
[White "Harutyunyan, Safar"]
[Black "Ginovart, Axel"]
[Result "0-1"]
[WhiteElo "1889"]
[BlackElo "2179"]
[PlyCount "84"]
[EventDate "2016.??.??"]

1. e4 c5 2. Nf3 e6 3. d4 cxd4 4. Nxd4 Nf6 5. Nc3 Nc6 6. Ncb5 Bc5 7. Bf4 O-O 8.
e5 a6 9. Nd6 Ne8 10. Bd3 Nxd6 11. exd6 f5 12. Qd2 b5 13. O-O-O Qa5 14. Kb1 b4
15. Ne2 Bxf2 16. Bg3 Bxg3 17. hxg3 b3 18. cxb3 Qxd2 19. Rxd2 Ne5 20. Bc4 Bb7
21. Nd4 Rac8 22. Rc2 Be4 23. Bxa6 Bxc2+ 24. Nxc2 Rc6 25. Bb5 Rxd6 26. a4 Rd2
27. Re1 Nd3 28. Re3 Nf2 29. b4 Ne4 30. a5 Rc8 31. Ba4 d5 32. a6 d4 33. Re1 d3
34. Nd4 Kf7 35. Bc6 e5 36. Nf3 Re2 37. Rd1 Nc3+ 38. bxc3 Rxc6 39. b5 Rxc3 40.
a7 Rb3+ 41. Ka1 Ra3+ 42. Kb1 Rxa7 0-1

[Event "31è Open International d'Avoine 2016"]
[Site "Avoine"]
[Date "2016.07.23"]
[Round "6.30"]
[White "Rubino, William"]
[Black "Safa, Cyrille"]
[Result "1-0"]
[WhiteElo "2173"]
[BlackElo "1857"]
[PlyCount "101"]
[EventDate "2016.??.??"]

1. e4 e6 2. d4 d5 3. Nc3 Nf6 4. e5 Nfd7 5. f4 c5 6. Nf3 Nc6 7. Be3 cxd4 8. Nxd4
Qb6 9. Bb5 a6 10. Na4 Qa5+ 11. Bd2 Qc7 12. Bxc6 bxc6 13. O-O c5 14. Nf3 Qc6 15.
c4 d4 16. b3 Bb7 17. Nb2 Be7 18. Re1 g5 19. Qe2 g4 20. Ng5 h6 21. Ne4 Qxe4 22.
Qxe4 Bxe4 23. Rxe4 a5 24. Rf1 Ra6 25. Na4 O-O 26. f5 exf5 27. Rxf5 Kh7 28. Rxg4
Re6 29. Bxa5 Rxe5 30. Rxe5 Nxe5 31. Re4 Nc6 32. Bd2 h5 33. Nb6 Bd6 34. Rh4 Kg6
35. g4 Rh8 36. Nd7 Rh7 37. gxh5+ Rxh5 38. Rxh5 Kxh5 39. a4 Kg4 40. Kg2 Kf5 41.
h4 Ke6 42. Nb6 Bc7 43. a5 d3 44. Na4 Bxa5 45. Nxc5+ Kf5 46. Bxa5 Nxa5 47. Kf3
d2 48. Ke2 Kg4 49. Kxd2 f5 50. Kc3 f4 51. b4 1-0

[Event "31è Open International d'Avoine 2016"]
[Site "Avoine"]
[Date "2016.07.23"]
[Round "6.31"]
[White "Malassagne, Raphael"]
[Black "Rioland, Paul"]
[Result "1-0"]
[WhiteElo "2163"]
[BlackElo "1851"]
[PlyCount "41"]
[EventDate "2016.??.??"]

1. Nf3 Nf6 2. b3 e6 3. Bb2 Be7 4. g3 O-O 5. Bg2 d5 6. O-O b6 7. c4 Bb7 8. Ne5
c5 9. e3 Nc6 10. f4 Rc8 11. Nc3 Nxe5 12. fxe5 Ne4 13. Nxe4 dxe4 14. Qc2 Ba8 15.
Rac1 Qd7 16. Bc3 Qd3 17. Rf4 g5 18. Rf2 Rcd8 19. Qd1 a6 20. Qh5 b5 21. Rcf1 1-0

[Event "31è Open International d'Avoine 2016"]
[Site "Avoine"]
[Date "2016.07.23"]
[Round "6.32"]
[White "Dupont, Victor"]
[Black "Najart, David"]
[Result "1-0"]
[WhiteElo "1888"]
[BlackElo "2159"]
[PlyCount "83"]
[EventDate "2016.??.??"]

1. d4 Nf6 2. c4 g6 3. Nc3 Bg7 4. Nf3 O-O 5. g3 c5 6. Bg2 cxd4 7. Nxd4 Nc6 8.
Nc2 d6 9. O-O Qa5 10. e4 Ng4 11. Bd2 Qc5 12. b3 Qh5 13. h3 Nf6 14. Qxh5 Nxh5
15. Rad1 Be6 16. Na4 Rfc8 17. Be3 b6 18. g4 Nf6 19. f4 Rab8 20. Na3 Nb4 21. Nb5
a6 22. Nbc3 b5 23. Nb6 Rc7 24. f5 Bc8 25. g5 Ne8 26. Ncd5 Nxd5 27. Nxd5 Rcb7
28. Nxe7+ Rxe7 29. f6 Rc7 30. fxg7 bxc4 31. e5 Rd7 32. Bc6 Rd8 33. Ba7 Bxh3 34.
Bxb8 Bxf1 35. exd6 Nxd6 36. Bxd6 Be2 37. Rd4 c3 38. Be5 Rc8 39. Be4 Bf3 40. Bc2
Re8 41. Bf6 Be2 42. Re4 1-0

[Event "31è Open International d'Avoine 2016"]
[Site "Avoine"]
[Date "2016.07.23"]
[Round "6.33"]
[White "Kassis, Antoine"]
[Black "Oney, Remel"]
[Result "1-0"]
[WhiteElo "2148"]
[BlackElo "1844"]
[PlyCount "87"]
[EventDate "2016.??.??"]

1. d4 d5 2. c4 c5 3. cxd5 Qxd5 4. Nf3 cxd4 5. Nc3 Qa5 6. Nxd4 Nf6 7. g3 e5 8.
Nb3 Qc7 9. Bg2 Bb4 10. O-O Bxc3 11. bxc3 O-O 12. Ba3 Rd8 13. Qc2 Be6 14. f4 Ng4
15. Nc5 Bd5 16. e4 Bc4 17. Rf3 Nd7 18. Nxd7 Rxd7 19. Re1 Rad8 20. Bc1 Qc5+ 21.
Kh1 Bd3 22. Qb2 Bxe4 23. Rxe4 Rd1+ 24. Bf1 Qd5 25. Qe2 Rxc1 26. fxe5 Rxc3 27.
Rxc3 Qxe4+ 28. Qxe4 Nf2+ 29. Kg2 Nxe4 30. Rc7 h6 31. Bc4 Rd2+ 32. Kf1 Ng5 33.
h4 Ne6 34. Rxb7 a5 35. Ra7 Rc2 36. Ra8+ Nf8 37. e6 fxe6 38. Bxe6+ Kh7 39. Rxf8
Rc6 40. Bd5 Rd6 41. Bb3 Rf6+ 42. Rxf6 gxf6 43. Bc2+ Kg7 44. Kf2 1-0

[Event "31è Open International d'Avoine 2016"]
[Site "Avoine"]
[Date "2016.07.23"]
[Round "6.34"]
[White "Forget, Cyril"]
[Black "Trouve, Guillaume"]
[Result "1/2-1/2"]
[WhiteElo "1886"]
[BlackElo "2142"]
[PlyCount "96"]
[EventDate "2016.??.??"]

1. e4 c5 2. c3 d5 3. exd5 Qxd5 4. d4 g6 5. Nf3 Bg7 6. Be3 cxd4 7. cxd4 Qa5+ 8.
Nc3 Nh6 9. Bc4 O-O 10. O-O Nf5 11. Qb3 Nc6 12. d5 Ne5 13. Nxe5 Bxe5 14. Rad1
Qc7 15. h3 Bg7 16. Nb5 Qb8 17. Rfe1 a6 18. Nd4 Nxd4 19. Bxd4 Bxd4 20. Rxd4 b5
21. Be2 Qe5 22. Qb4 Qf6 23. d6 e5 24. Rd3 Bf5 25. Rd5 Rad8 26. Red1 Rd7 27. a4
bxa4 28. Qxa4 Rfd8 29. Qxa6 Be4 30. R5d2 Qg5 31. Bf1 Bb7 32. Qb5 Bf3 33. h4 Qg4
34. Rc1 Qf4 35. Rcc2 Be4 36. Bd3 Bxd3 37. Rxd3 e4 38. g3 Qf6 39. Re3 Qxd6 40.
Qc4 Qd1+ 41. Kg2 Rd4 42. Qc6 Rd3 43. Rxe4 Qf3+ 44. Kh2 Kg7 45. Rf4 Qxc6 46.
Rxc6 Rb3 47. Rc7 Rf8 48. Rc2 Rfb8 1/2-1/2

[Event "31è Open International d'Avoine 2016"]
[Site "Avoine"]
[Date "2016.07.23"]
[Round "6.35"]
[White "Retailleau, Elise"]
[Black "Malassagne, Isabelle"]
[Result "1/2-1/2"]
[WhiteElo "1836"]
[BlackElo "2140"]
[PlyCount "50"]
[EventDate "2016.??.??"]

1. e4 e5 2. Nf3 Nc6 3. d4 exd4 4. Nxd4 Nf6 5. Nxc6 bxc6 6. e5 Qe7 7. Qe2 Nd5 8.
c4 Ba6 9. Nd2 g6 10. Ne4 Bg7 11. Bg5 Qb4+ 12. Qd2 Bxe5 13. Qxb4 Nxb4 14. O-O-O
O-O 15. f4 Bg7 16. a3 Na2+ 17. Kc2 f6 18. Bh4 f5 19. Nc5 Rab8 20. Rb1 Bc8 21.
Na4 Re8 22. Bd3 d5 23. Ra1 Be6 24. Rhe1 dxc4 25. Bf1 Kf8 1/2-1/2

[Event "31è Open International d'Avoine 2016"]
[Site "Avoine"]
[Date "2016.07.23"]
[Round "6.36"]
[White "Smith, Matthieu"]
[Black "Nguyen-Cadoret, Nathan"]
[Result "1/2-1/2"]
[WhiteElo "2129"]
[BlackElo "1827"]
[PlyCount "69"]
[EventDate "2016.??.??"]

1. Nf3 Nf6 2. g3 d5 3. d4 c6 4. Bg2 Bf5 5. O-O e6 6. b3 Bd6 7. Bb2 O-O 8. Nbd2
Nbd7 9. h3 Rc8 10. Ne5 c5 11. g4 Bxc2 12. Qxc2 cxd4 13. Qd1 Nxe5 14. Bxd4 Nc6
15. Bb2 Qe7 16. e4 d4 17. f4 e5 18. f5 Nd7 19. Nc4 h6 20. Bc1 Bc5 21. Nb2 Qh4
22. a3 Bb6 23. Nd3 Nc5 24. f6 Nxd3 25. fxg7 Kxg7 26. Qxd3 Ne7 27. Bd2 Ng6 28.
Rf5 Rh8 29. Raf1 Rc7 30. Kh1 Qd8 31. Qf3 Qe8 32. Rf6 Rd7 33. Qd3 Bd8 34. R6f5
Rc7 35. Qg3 1/2-1/2

[Event "31è Open International d'Avoine 2016"]
[Site "Avoine"]
[Date "2016.07.23"]
[Round "6.37"]
[White "Daeschler, Florian"]
[Black "Reau, Philippe"]
[Result "1-0"]
[WhiteElo "2099"]
[BlackElo "1820"]
[PlyCount "51"]
[EventDate "2016.??.??"]

1. c4 Nf6 2. Nf3 g6 3. g3 Bg7 4. Bg2 O-O 5. O-O c6 6. b3 d5 7. d4 Nbd7 8. Bb2
Re8 9. Nbd2 e5 10. dxe5 Ng4 11. cxd5 cxd5 12. Rc1 Ndxe5 13. Ba1 Qa5 14. a4 b5
15. Nxe5 Nxe5 16. Bxd5 Bh3 17. Bxa8 Bxf1 18. Nxf1 Rxa8 19. Bxe5 Rd8 20. Qc2
Bxe5 21. Ne3 Rd2 22. Qc8+ Kg7 23. Qe8 Bd4 24. Rc8 Rd1+ 25. Nxd1 Qe1+ 26. Kg2
1-0

[Event "31è Open International d'Avoine 2016"]
[Site "Avoine"]
[Date "2016.07.23"]
[Round "6.38"]
[White "Fruteau, Sabine"]
[Black "Budak, Rezan"]
[Result "1-0"]
[WhiteElo "2094"]
[BlackElo "1808"]
[PlyCount "57"]
[EventDate "2016.??.??"]

1. e4 c5 2. Nf3 Nc6 3. Bb5 Nd4 4. Bc4 e6 5. c3 b5 6. cxd4 bxc4 7. Qa4 cxd4 8.
Qxc4 Qb6 9. Qb3 Ba6 10. Qxb6 axb6 11. Nxd4 Nf6 12. Nc3 Bc5 13. Nb3 Bc4 14. Nxc5
bxc5 15. f3 d5 16. exd5 exd5 17. d3 Bxd3 18. Bg5 Bc4 19. Kf2 O-O-O 20. b3 Bd3
21. Rhe1 c4 22. Na4 Kb8 23. Re7 Rde8 24. Rae1 Rxe7 25. Rxe7 Nh5 26. g4 h6 27.
Be3 Nf6 28. Nb6 g5 29. Bd4 1-0

[Event "31è Open International d'Avoine 2016"]
[Site "Avoine"]
[Date "2016.07.23"]
[Round "6.39"]
[White "Nguyen, Vincent"]
[Black "Gaftarnik, Olivier"]
[Result "1-0"]
[WhiteElo "2090"]
[BlackElo "1798"]
[PlyCount "43"]
[EventDate "2016.??.??"]

1. d4 d5 2. c4 e6 3. Nc3 Nf6 4. Nf3 c6 5. e3 Bd6 6. Bd3 Nbd7 7. e4 dxe4 8. Nxe4
Nxe4 9. Bxe4 Nf6 10. Bc2 h6 11. O-O O-O 12. b3 c5 13. Bb2 Be7 14. Ne5 Qc7 15.
Qd3 Rd8 16. Rad1 b6 17. Ng4 cxd4 18. Nxf6+ Bxf6 19. Qh7+ Kf8 20. Ba3+ Ke8 21.
Qg8+ Kd7 22. Qxf7+ 1-0

[Event "31è Open International d'Avoine 2016"]
[Site "Avoine"]
[Date "2016.07.23"]
[Round "6.40"]
[White "Ben-Abed, Mehdi"]
[Black "Bourdeaux, Gabin"]
[Result "1-0"]
[WhiteElo "2086"]
[BlackElo "1760"]
[PlyCount "75"]
[EventDate "2016.??.??"]

1. e4 c5 2. Nf3 e6 3. d4 cxd4 4. Nxd4 a6 5. g3 Qc7 6. Bg2 Nf6 7. O-O Nc6 8. c4
Nxd4 9. Qxd4 Bc5 10. Qd3 d6 11. b3 e5 12. Bb2 O-O 13. Na3 Bd7 14. h3 Rac8 15.
Rfd1 Qb8 16. Rac1 Rc7 17. Qd2 Rc6 18. Nc2 b5 19. b4 Ba7 20. cxb5 axb5 21. Ne3
Rfc8 22. Rxc6 Rxc6 23. Nf5 Bxf5 24. exf5 Rb6 25. Kh1 Qe8 26. f4 Nh5 27. Kh2 f6
28. Bf3 g6 29. Qd5+ Kh8 30. Rc1 Ng7 31. fxg6 hxg6 32. Bg4 Rb8 33. Qxd6 f5 34.
Bxe5 Rd8 35. Qf6 Rd2+ 36. Kh1 Qd7 37. Rc8+ Kh7 38. Qh4+ 1-0

[Event "31è Open International d'Avoine 2016"]
[Site "Avoine"]
[Date "2016.07.23"]
[Round "6.41"]
[White "Gely, Yann"]
[Black "Guerlach, Keigo"]
[Result "1/2-1/2"]
[WhiteElo "1832"]
[BlackElo "2075"]
[PlyCount "48"]
[EventDate "2016.??.??"]

1. e4 c5 2. Nf3 a6 3. c3 e6 4. d4 d5 5. dxc5 Bxc5 6. exd5 exd5 7. Be2 Nf6 8.
Bg5 Bxf2+ 9. Kxf2 Ne4+ 10. Kf1 Nxg5 11. Nxg5 Qxg5 12. Bf3 Be6 13. Kf2 O-O 14.
Nd2 Nc6 15. Nb3 Ne5 16. Re1 Rfe8 17. Nd4 Bg4 18. Rxe5 Qxe5 19. Bxg4 Qxh2 20.
Bf3 Re5 21. Qd2 Rae8 22. Rf1 g5 23. Bd1 g4 24. Qd3 f5 1/2-1/2

[Event "31è Open International d'Avoine 2016"]
[Site "Avoine"]
[Date "2016.07.23"]
[Round "6.42"]
[White "Batteux, Mickael"]
[Black "Lelievre, Clement"]
[Result "1-0"]
[WhiteElo "2063"]
[BlackElo "1751"]
[PlyCount "67"]
[EventDate "2016.??.??"]

1. d4 Nf6 2. Nf3 g6 3. Nc3 Bg7 4. e4 d5 5. e5 Ne4 6. Nxe4 dxe4 7. Ng5 c5 8.
Bb5+ Nc6 9. Bxc6+ bxc6 10. e6 fxe6 11. dxc5 Qa5+ 12. c3 Qxc5 13. O-O O-O 14.
Nxe4 Qf5 15. Ng3 Qf7 16. Qa4 a5 17. Be3 Rb8 18. Rab1 Rb5 19. Qc4 Bb7 20. a4 Rd5
21. b4 Ra8 22. bxa5 Bc8 23. Qxc6 Rdxa5 24. Rfd1 Qf8 25. Bb6 R5a6 26. Qc7 Qf6
27. Rd8+ Kf7 28. Ne4 Rxb6 29. Rxb6 Qh4 30. Nd6+ Kf6 31. Nxc8 Rxa4 32. Qxe7+ Kf5
33. Qxe6+ Kf4 34. g3+ 1-0

[Event "31è Open International d'Avoine 2016"]
[Site "Avoine"]
[Date "2016.07.23"]
[Round "6.43"]
[White "Coiffait, Pierre-Basile"]
[Black "Mir, Nicolas"]
[Result "1-0"]
[WhiteElo "2057"]
[BlackElo "1718"]
[PlyCount "77"]
[EventDate "2016.??.??"]

1. e4 c5 2. Nf3 Nc6 3. d4 cxd4 4. Nxd4 Nf6 5. Nc3 e5 6. Ndb5 d6 7. Nd5 Nxd5 8.
exd5 Nb8 9. a4 Bf5 10. Be2 Be7 11. O-O O-O 12. Be3 a6 13. Na3 Nd7 14. c3 Rc8
15. Nc4 a5 16. Qb3 Nc5 17. Qd1 Bg6 18. b4 Ne4 19. Qb3 Bg5 20. Bb6 Qe7 21. Bxa5
f5 22. Bb6 f4 23. Bg4 Rce8 24. f3 Nf6 25. Be6+ Bf7 26. Rad1 Nh5 27. Bxf7+ Rxf7
28. Nd2 Qf6 29. Qb1 Qh6 30. Ne4 Bd8 31. Bxd8 Rxd8 32. c4 b6 33. Qb2 Re7 34. Qf2
Rb8 35. c5 bxc5 36. bxc5 dxc5 37. d6 Rd7 38. Qxc5 Rbd8 39. Qxe5 1-0

[Event "31è Open International d'Avoine 2016"]
[Site "Avoine"]
[Date "2016.07.23"]
[Round "6.44"]
[White "Lemasle, Raphael"]
[Black "Maugenest, Matthieu"]
[Result "1-0"]
[WhiteElo "2055"]
[BlackElo "1705"]
[PlyCount "97"]
[EventDate "2016.??.??"]

1. d4 Nf6 2. Nf3 g6 3. g3 Bg7 4. Bg2 O-O 5. O-O d6 6. c4 Nc6 7. Nc3 a6 8. Bf4
Nh5 9. Bg5 h6 10. Be3 Rb8 11. Rc1 e5 12. dxe5 dxe5 13. Qxd8 Rxd8 14. Nd5 e4 15.
Nd2 Nd4 16. Rfe1 Nf5 17. Ba7 Ra8 18. Bc5 b6 19. Ba3 Bb7 20. Nxe4 Bxd5 21. cxd5
Nd6 22. Nxd6 cxd6 23. Rc6 b5 24. b3 Bf8 25. Rb6 Nf6 26. Rc1 Nd7 27. Rbc6 Ne5
28. Rc7 h5 29. h3 g5 30. Be4 g4 31. Bf5 gxh3 32. Bxh3 Bh6 33. R1c2 Bf8 34. Bf5
Kg7 35. f4 Ng4 36. Be6 Nh6 37. Rb7 Kg6 38. Bd7 Nf5 39. Bxf5+ Kxf5 40. Rxf7+ Ke4
41. Rd2 Ke3 42. Rc2 Ke4 43. Rh7 Rac8 44. Rc6 Kxd5 45. Rxc8 Rxc8 46. Rxh5+ Ke6
47. Rh8 Rd8 48. e4 Kf7 49. Rh7+ 1-0

[Event "31è Open International d'Avoine 2016"]
[Site "Avoine"]
[Date "2016.07.23"]
[Round "6.45"]
[White "Vukojevic, Philippe"]
[Black "Josse, Mathilde"]
[Result "1/2-1/2"]
[WhiteElo "2048"]
[BlackElo "1689"]
[PlyCount "133"]
[EventDate "2016.??.??"]

1. e4 d6 2. d4 Nf6 3. Nc3 e5 4. dxe5 dxe5 5. Qxd8+ Kxd8 6. Nf3 Bd6 7. Bg5 Be6
8. O-O-O Nbd7 9. Bh4 h6 10. a3 Kc8 11. Nd2 g5 12. Bg3 Nb6 13. Be2 Nfd7 14. f3
c6 15. Bf2 Kc7 16. h4 a5 17. Rh2 Rhf8 18. hxg5 hxg5 19. Rh6 Rh8 20. Rdh1 Rxh6
21. Rxh6 Rd8 22. Be3 Be7 23. Nf1 Bf8 24. Rh1 f6 25. Nd2 Bg8 26. Ncb1 a4 27. Nc3
Nc5 28. Rh8 Be7 29. Rh6 Ncd7 30. Rh5 Bf8 31. Nf1 Bc5 32. Rh6 Bf8 33. Bxb6+ Kxb6
34. Rh1 Ka5 35. Nd2 b5 36. Nd1 Bc5 37. Nf1 Nf8 38. Nfe3 Ne6 39. Rh6 Nd4 40. Bf1
Rd6 41. Ng4 f5 42. Rxd6 Bxd6 43. exf5 Nxf5 44. Bd3 Ng3 45. Nf6 Be6 46. Nc3 Bc5
47. Kd2 Bd4 48. Nd1 c5 49. c3 Bg1 50. Ne3 Kb6 51. Neg4 Bxg4 52. Nxg4 c4 53. Bg6
Nf1+ 54. Ke2 Ng3+ 55. Kd1 Nf1 56. Nxe5 Ne3+ 57. Ke2 Nxg2 58. Be4 Nf4+ 59. Kd2
Ne6 60. Nf7 Bh2 61. Nh6 Bf4+ 62. Kd1 Kc5 63. Ng4 Kd6 64. Bf5 Nc7 65. Kc2 Nd5
66. Be4 Nc7 67. Kd1 1/2-1/2

[Event "31è Open International d'Avoine 2016"]
[Site "Avoine"]
[Date "2016.07.23"]
[Round "6.46"]
[White "Caloone, Thomas"]
[Black "Gauclain, Loic"]
[Result "1-0"]
[WhiteElo "2029"]
[BlackElo "1672"]
[PlyCount "100"]
[EventDate "2016.??.??"]

1. e4 e6 2. d4 d5 3. Bd3 Nf6 4. e5 Nfd7 5. f4 c5 6. c3 Nc6 7. Nf3 Qb6 8. Bc2
cxd4 9. cxd4 Be7 10. O-O O-O 11. Kh1 f6 12. Nc3 fxe5 13. fxe5 a6 14. Bg5 Qd8
15. Be3 b5 16. Rf2 Bb7 17. Qe2 Qb6 18. Raf1 Rad8 19. Qd2 Rxf3 20. Rxf3 Ndxe5
21. dxe5 d4 22. Bg5 dxc3 23. Bxe7 Nxe7 24. Qd6 Qxd6 25. exd6 Nf5 26. Rxc3 Rxd6
27. Bb3 Kf8 28. Rc7 Be4 29. Bc2 Bc6 30. Kg1 Ke8 31. Bxf5 exf5 32. Rxf5 Bd7 33.
Re5+ Kd8 34. Rc2 Be6 35. b3 g6 36. Ree2 Ke7 37. Red2 Bd5 38. Rc7+ Ke6 39. Rxh7
Rc6 40. Rg7 Ke5 41. Kf2 Be4 42. Re2 Kf6 43. Rd7 Bf5 44. Rd4 a5 45. h4 Bc8 46.
g4 Rc3 47. Rf4+ Kg7 48. Re5 Rc2+ 49. Ke3 Rxa2 50. Re7+ Kg8 1-0

[Event "31è Open International d'Avoine 2016"]
[Site "Avoine"]
[Date "2016.07.23"]
[Round "6.47"]
[White "Bodicker, Rob"]
[Black "Poliniere, Matthias"]
[Result "1-0"]
[WhiteElo "2019"]
[BlackElo "1645"]
[PlyCount "49"]
[EventDate "2016.??.??"]

1. d4 Nf6 2. c4 d6 3. Nc3 g6 4. e4 Bg7 5. Nge2 O-O 6. Ng3 c5 7. d5 e6 8. Be2
exd5 9. cxd5 Na6 10. O-O Re8 11. Bg5 Nc7 12. a4 b6 13. Qd2 Rb8 14. Qf4 Qe7 15.
Bb5 Rf8 16. Bc6 a6 17. Ra3 Bb7 18. Rd1 Rfd8 19. Qh4 h6 20. Bxh6 Nfxd5 21. Bg5
Bf6 22. Nxd5 Nxd5 23. Nf5 gxf5 24. Rg3 Kf8 25. Bh6+ 1-0

[Event "31è Open International d'Avoine 2016"]
[Site "Avoine"]
[Date "2016.07.23"]
[Round "6.48"]
[White "Motheron, Romain"]
[Black "Sally, Paul-Adrien"]
[Result "0-1"]
[WhiteElo "1805"]
[BlackElo "2007"]
[PlyCount "52"]
[EventDate "2016.??.??"]

1. e4 e6 2. d4 c5 3. Nf3 cxd4 4. Nxd4 Nc6 5. Nc3 Bb4 6. Bc4 Nf6 7. f3 d5 8.
exd5 exd5 9. Be2 O-O 10. a3 Bc5 11. Nb3 Bb6 12. Bg5 Re8 13. Bxf6 Qxf6 14. Nxd5
Qe5 15. Nxb6 axb6 16. Kf1 Bf5 17. c3 Rad8 18. Qe1 Bc2 19. Nd4 Nxd4 20. cxd4
Qxd4 21. Qc3 Qxc3 22. bxc3 Rd2 23. Bb5 Re5 24. a4 h5 25. Re1 Rxe1+ 26. Kxe1
Rd1+ 0-1

[Event "31è Open International d'Avoine 2016"]
[Site "Avoine"]
[Date "2016.07.23"]
[Round "6.49"]
[White "Lukasiewicz, Krzysztof"]
[Black "Renard, Emmanuel"]
[Result "1-0"]
[WhiteElo "2002"]
[BlackElo "1639"]
[PlyCount "43"]
[EventDate "2016.??.??"]

1. e4 e5 2. Nf3 Nc6 3. Bc4 d6 4. O-O Be7 5. c3 Nf6 6. d3 O-O 7. Re1 Bg4 8. h3
Be6 9. Nbd2 Nd7 10. d4 Bxc4 11. Nxc4 exd4 12. cxd4 Re8 13. Ne3 b6 14. Nd5 Ncb8
15. Bf4 Nf6 16. Nc3 c5 17. Qd2 d5 18. e5 cxd4 19. Nxd4 Ne4 20. Nxe4 dxe4 21.
Rxe4 Nc6 22. Nxc6 1-0

[Event "31è Open International d'Avoine 2016"]
[Site "Avoine"]
[Date "2016.07.23"]
[Round "6.50"]
[White "Vervelle, Sebastien"]
[Black "Sauvaget, Franck"]
[Result "0-1"]
[WhiteElo "1796"]
[BlackElo "2002"]
[PlyCount "106"]
[EventDate "2016.??.??"]

1. e4 c5 2. Nf3 e6 3. d4 cxd4 4. Nxd4 a6 5. c4 Nf6 6. Nc3 Qc7 7. a3 b6 8. Qf3
Bb7 9. Bd3 d6 10. O-O Nbd7 11. b4 Rc8 12. Nde2 Ne5 13. Qh3 Nxd3 14. Qxd3 Qxc4
15. Qxc4 Rxc4 16. f3 Be7 17. Be3 Nd7 18. Rac1 O-O 19. Na4 Rxc1 20. Rxc1 Bd8 21.
Nb2 b5 22. a4 bxa4 23. Nxa4 Ne5 24. Nb2 Bf6 25. Rc7 Ba8 26. Ra7 Nc6 27. Rxa6
Bxb2 28. b5 Nb4 29. Rxd6 Be5 30. Rd7 Rc8 31. f4 Bb8 32. b6 Bc6 33. Re7 Bd6 34.
Ra7 Bxe4 35. Rd7 Bf8 36. b7 Re8 37. Ba7 Nc6 38. Nc3 Bc2 39. Bb6 Bf5 40. Rd8
Rxd8 41. Bxd8 Bd6 42. Bb6 Bxf4 43. g3 Bb8 44. Na4 Bd3 45. Nc5 Bb5 46. Kf2 Bd6
47. Ne4 Be5 48. Kf3 f5 49. Nc5 Kf7 50. Nd7 Bd6 51. Be3 Nd4+ 52. Bxd4 Bxd7 53.
b8=Q Bxb8 0-1